[Event "XL Mar del Plata International open"]
[Site "Plaza del Agua"]
[Date "2009.04.10"]
[Round "7"]
[White "Garcia Quiroga, Maximiliano"]
[Black "Herrera, Martin"]
[Result "1-0"]
[WhiteElo "2038"]
[BlackElo "2178"]
[PlyCount "151"]
[EventDate "2009.04.12"]
[SourceDate "2009.04.14"]

1. d4 d6 2. e4 Nf6 3. Nc3 g6 4. f4 Bg7 5. Bc4 c5 6. d5 O-O 7. Nf3 a6 8. a4 Nbd7
9. a5 b5 10. axb6 Nxb6 11. Be2 e6 12. dxe6 fxe6 13. e5 Nfd5 14. Ne4 dxe5 15.
fxe5 Qc7 16. O-O Bb7 17. Neg5 Qc6 18. c4 Nf4 19. Bxf4 Rxf4 20. Qd6 Qxd6 21.
exd6 Rf6 22. Bd3 Nd7 23. Rfe1 Bf8 24. Be4 Bxe4 25. Nxe4 Rf5 26. Ra5 Bg7 27. Re2
Raf8 28. h3 Ne5 29. Ned2 Ra8 30. Nxe5 Bxe5 31. Nf3 Bxd6 32. Rxe6 Rd8 33. Rxa6
Bg3 34. Ra1 Rf7 35. Kf1 Rb7 36. Re2 Kg7 37. Rc2 Rd6 38. Ra5 Re7 39. Ra1 Kf6 40.
Re2 Rb7 41. Rd2 Rdb6 42. Ra5 Rc7 43. Ke2 Bf4 44. Rc2 Re6+ 45. Kf2 Be3+ 46. Kg3
g5 47. Ra8 h5 48. Rf8+ Kg7 49. Rf5 Kg6 50. Rd5 h4+ 51. Kh2 Bf4+ 52. Kg1 Ra7 53.
Rd1 Rb7 54. Kf1 Rb3 55. Rd5 Be3 56. Ne5+ Kg7 57. Ng4 Bf4 58. Rxc5 Rd3 59. Rd5
Bg3 60. Re2 Ra6 61. Re7+ Kf8 62. Rf7+ Kxf7 63. Rxd3 Ra1+ 64. Ke2 Re1+ 65. Kf3
Rc1 66. Rc3 Rxc3+ 67. bxc3 Be1 68. Ke4 Bxc3 69. Kd5 Kg6 70. Ke6 Bd4 71. Ne5+
Kh5 72. Kf5 Bf2 73. Nd7 Kh6 74. c5 Kg7 75. c6 Bg3 76. Ne5 1-0

[Event "XL Mar del Plata International open"]
[Site "Plaza del Agua"]
[Date "2009.04.10"]
[Round "7"]
[White "Lovece, Ruth"]
[Black "Lopez Gomez, Diego"]
[Result "0-1"]
[WhiteElo "2016"]
[BlackElo "2165"]
[PlyCount "58"]
[EventDate "2009.04.12"]
[SourceDate "2009.04.14"]

1. e4 c5 2. Nf3 e6 3. d4 cxd4 4. Nxd4 a6 5. Bd3 Bc5 6. Nb3 Ba7 7. O-O Nc6 8.
Kh1 Nge7 9. f4 O-O 10. Nc3 f5 11. e5 b5 12. Be2 Ng6 13. a4 b4 14. Nb1 Bb7 15.
N1d2 Nh4 16. Nf3 Nxf3 17. Bxf3 Qc7 18. Nd2 Na5 19. Bxb7 Nxb7 20. Rf3 Rac8 21.
c3 d6 22. exd6 Qxd6 23. Qe2 Rfd8 24. c4 Nc5 25. Rf1 Nd3 26. h3 Nxf4 27. Qf3 Bb8
28. Ne4 fxe4 29. Qxf4 Rf8 0-1

[Event "XL Mar del Plata International open"]
[Site "Plaza del Agua"]
[Date "2009.04.10"]
[Round "7"]
[White "Dominguez, Diego"]
[Black "Fidel, Roberto Oscar"]
[Result "1-0"]
[WhiteElo "2002"]
[BlackElo "2156"]
[PlyCount "91"]
[EventDate "2009.04.12"]
[SourceDate "2009.04.14"]

1. b3 Nf6 2. Bb2 e6 3. Nf3 d5 4. g3 Be7 5. Bg2 O-O 6. d3 c5 7. O-O Nc6 8. Nbd2
b6 9. c4 Bb7 10. e3 Qc7 11. Qe2 Rfd8 12. cxd5 Nxd5 13. d4 cxd4 14. Nxd4 Nxd4
15. Bxd4 Rac8 16. Nc4 Ba6 17. Rac1 b5 18. Nd2 Qxc1 19. Rxc1 Rxc1+ 20. Nf1 Nc3
21. Qg4 Bf8 22. b4 Nxa2 23. Qh4 Rdc8 24. g4 Nc3 25. Bf3 Bxb4 26. Kg2 Bf8 27.
Ng3 b4 28. Ne4 Bf1+ 29. Kg3 h6 30. Nf6+ Kh8 31. Ne4 Ne2+ 32. Bxe2 Bxe2 33.
Qxh6+ Kg8 34. Qg5 Rg1+ 35. Kh3 Bxg4+ 36. Kh4 f6 37. Qg6 Be7 38. Bxf6 Bxf6+ 39.
Nxf6+ Kf8 40. Nxg4 Rc5 41. Qe4 Rcc1 42. Qxb4+ Kg8 43. Qb8+ Kh7 44. Qxa7 Rc4 45.
h3 Rc6 46. Qf7 1-0

[Event "XL Mar del Plata International open"]
[Site "Plaza del Agua"]
[Date "2009.04.10"]
[Round "7"]
[White "Flores, Nancy"]
[Black "Bianchi, Albino"]
[Result "0-1"]
[WhiteElo "1913"]
[BlackElo "2102"]
[PlyCount "104"]
[EventDate "2009.04.12"]
[SourceDate "2009.04.14"]

1. Nf3 c5 2. g3 g6 3. Bg2 Bg7 4. d3 d5 5. Nbd2 Nf6 6. e4 O-O 7. c3 Nc6 8. e5
Nd7 9. d4 cxd4 10. cxd4 f6 11. Nb3 fxe5 12. dxe5 e6 13. h4 Ndxe5 14. Bg5 Qb6
15. O-O Nxf3+ 16. Bxf3 Bxb2 17. Rb1 Bg7 18. h5 Qc7 19. hxg6 hxg6 20. Kg2 b6 21.
Rh1 Bb7 22. Nd2 Nd4 23. Bg4 Qf7 24. f3 e5 25. Qg1 Ne6 26. Be3 Rfe8 27. Qh2 Bf6
28. Qh3 Rac8 29. Rh2 Rc2 30. Rbh1 Kf8 31. Bxe6 Rxe6 32. Qg4 e4 33. Kg1 exf3 34.
Rh7 Bg7 35. Qg5 Rxd2 36. Rh8+ Bxh8 37. Rxh8+ Kg7 38. Qh6+ Kf6 39. Qh4+ Ke5 40.
Bf4+ Ke4 41. Bxd2+ Kd3 42. Kf1 Re4 43. Qg5 Qg7 44. Rd8 Qa1+ 45. Kf2 Re2+ 46.
Kxf3 d4+ 47. Kg4 Rxd2 48. Qb5+ Kc2 49. Qb3+ Kc1 50. Re8 Rd1 51. Re2 Qc3 52. Qb5
Bf3+ 0-1

[Event "XL Mar del Plata International open"]
[Site "Plaza del Agua"]
[Date "2009.04.10"]
[Round "7"]
[White "Weil, Dany"]
[Black "Covas, Guillermo Maximilian"]
[Result "0-1"]
[WhiteElo "1966"]
[BlackElo "2167"]
[Annotator ",jmacosta"]
[PlyCount "87"]
[EventDate "2009.04.12"]
[SourceDate "2009.04.14"]

1. d4 f5 2. c4 e6 3. a3 Nf6 4. Nc3 d5 5. cxd5 exd5 6. g3 c6 7. Bg2 Bd6 8. Nh3
O-O 9. O-O Nbd7 10. Qc2 Ne4 11. Bf4 Ndf6 12. f3 Nxc3 13. Qxc3 h6 14. Qd2 Kh7
15. Nf2 Nh5 16. Bxd6 Qxd6 17. e4 dxe4 18. fxe4 Be6 19. d5 Rad8 20. Rad1 Qc5 21.
b4 Qb6 22. Qe2 Bf7 23. e5 cxd5 24. Bxd5 Rxd5 25. Rxd5 Bxd5 26. Qxh5 Qe3 27. Qd1
Qxe5 28. Re1 Be4 29. g4 Qf4 30. gxf5 Bxf5 31. Qc1 Qd6 32. Qe3 Rf6 33. Ne4 Rg6+
34. Ng3 Re6 35. Qf2 Rxe1+ 36. Qxe1 Bg6 37. Qe3 b6 38. Kf2 Qd5 39. Ne2 Qa2 40.
Kg3 Qd5 41. h4 Qd3 42. Qxd3 Bxd3 43. Nf4 Bc4 44. h5 {
el blanco no apreto el reloj y perdio por tiempo.} 0-1

[Event "XL Mar del Plata International open"]
[Site "Plaza del Agua"]
[Date "2009.04.10"]
[Round "7"]
[White "Daneri, Martin"]
[Black "Crespo, Eugenio"]
[Result "0-1"]
[WhiteElo "2149"]
[BlackElo "2004"]
[PlyCount "84"]
[EventDate "2009.04.12"]
[SourceDate "2009.04.14"]

1. e4 e6 2. d4 d5 3. e5 c5 4. Qg4 Nc6 5. Nf3 Qa5+ 6. Bd2 Qb6 7. b3 cxd4 8. Bd3
Nge7 9. O-O Ng6 10. Re1 Qc7 11. Qg3 f5 12. h4 Bc5 13. h5 Nf8 14. a3 Qf7 15. Qh2
h6 16. b4 Bb6 17. c3 a6 18. Bf4 Bd7 19. c4 dxc4 20. Bxc4 g5 21. hxg6 Nxg6 22.
Nbd2 Nxf4 23. Qxf4 Rg8 24. Qxh6 O-O-O 25. Ng5 Rxg5 26. Qxg5 Rh8 27. Nf3 Ne7 28.
Rac1 Kb8 29. Kf1 Bc6 30. Ke2 Rg8 31. Qf6 Qh5 32. Rh1 Qg4 33. Rcg1 Qe4+ 34. Kd2
d3 35. Bxd3 Rd8 36. Ne1 Bxf2 37. Rh3 Bxe1+ 38. Rxe1 Qxg2+ 39. Kc1 Qxh3 40. Qxe7
Qxd3 41. Qh4 Qd2+ 42. Kb1 Be4+ 0-1

[Event "XL Mar del Plata International open"]
[Site "Plaza del Agua"]
[Date "2009.04.10"]
[Round "7"]
[White "Cristobal, Manuel"]
[Black "Couso, Juan Jose"]
[Result "1-0"]
[WhiteElo "2145"]
[BlackElo "1981"]
[PlyCount "61"]
[EventDate "2009.04.12"]
[SourceDate "2009.04.14"]

1. e4 c5 2. Nf3 Nc6 3. Nc3 a6 4. d4 cxd4 5. Nxd4 d6 6. Bc4 e6 7. Be3 Bd7 8. O-O
Nf6 9. Kh1 b5 10. Bd3 Ne5 11. f4 Nxd3 12. Qxd3 Qc7 13. Rae1 Be7 14. e5 Ng4 15.
Nf5 Bf8 16. exd6 Qb7 17. Bd4 Nf6 18. Bxf6 gxf6 19. Qd4 Rg8 20. Nd5 O-O-O 21.
Nfe7+ Bxe7 22. dxe7 Rde8 23. Nb6+ Kc7 24. Qxd7+ Kxb6 25. Qd4+ Kc7 26. Rf3 Rxe7
27. Qxf6 Rd7 28. Qe5+ Kc8 29. f5 Rd5 30. Rc3+ Kd8 31. Qf6+ 1-0

[Event "XL Mar del Plata International open"]
[Site "Plaza del Agua"]
[Date "2009.04.10"]
[Round "7"]
[White "Escofet, Jaime"]
[Black "Di Giannantonio, Nino"]
[Result "1/2-1/2"]
[WhiteElo "2089"]
[BlackElo "1989"]
[PlyCount "88"]
[EventDate "2009.04.12"]
[SourceDate "2009.04.14"]

1. b3 e5 2. Bb2 Nc6 3. e3 d6 4. g3 Be6 5. Bg2 Qd7 6. d4 exd4 7. exd4 d5 8. Nf3
Bh3 9. Bxh3 Qxh3 10. Qe2+ Be7 11. Nbd2 O-O-O 12. O-O-O Qf5 13. Kb1 Nf6 14. Ne5
Nb4 15. Rc1 Qe6 16. Rhe1 Rhe8 17. a3 Nc6 18. Qb5 Nxe5 19. Rxe5 Qb6 20. Qd3 Bd6
21. Rxe8 Rxe8 22. Ka2 Bf8 23. Nf3 Ne4 24. Ne5 f6 25. f3 fxe5 26. fxe4 exd4 27.
exd5 Rd8 28. Qxh7 Rxd5 29. Rf1 Qc5 30. Qe4 Rd8 31. Rd1 a6 32. Kb1 Qh5 33. Rxd4
Rxd4 34. Qxd4 Qxh2 35. Qg4+ Kb8 36. Qg6 Bd6 37. g4 Qh6 38. Qxg7 Qxg7 39. Bxg7
Bxa3 40. g5 Kc8 41. g6 Kd7 42. Be5 Ke6 43. Bxc7 Kf6 44. Ba5 Bd6 1/2-1/2

[Event "XL Mar del Plata International open"]
[Site "Plaza del Agua"]
[Date "2009.04.10"]
[Round "7"]
[White "Novoa, Fernando"]
[Black "Cristobal, Ruben"]
[Result "1/2-1/2"]
[WhiteElo "1806"]
[BlackElo "2237"]
[PlyCount "61"]
[EventDate "2009.04.12"]
[SourceDate "2009.04.14"]

1. d4 c5 2. d5 e5 3. c4 f5 4. Nc3 Nf6 5. g3 d6 6. Bg2 Be7 7. e4 O-O 8. Nge2 Na6
9. O-O Nc7 10. f4 g6 11. fxe5 dxe5 12. Bd2 Nfe8 13. exf5 gxf5 14. Nc1 Nf6 15.
Qe2 e4 16. Nb3 b6 17. Bf4 Bd7 18. a4 a5 19. Nd2 Rf7 20. Rfe1 Rg7 21. Nf1 Ra7
22. Ne3 Qe8 23. Nb5 Nxb5 24. axb5 Nh5 25. Be5 Bf6 26. Bxf6 Nxf6 27. Rf1 Qe5 28.
Rf2 Bc8 29. Raf1 Qd4 30. Rd1 Qe5 31. Rdf1 1/2-1/2

[Event "XL Mar del Plata International open"]
[Site "Plaza del Agua"]
[Date "2009.04.10"]
[Round "7"]
[White "Gallego, Gonzalo"]
[Black "Ortiz, Jorge"]
[Result "1-0"]
[WhiteElo "2177"]
[BlackElo "1920"]
[PlyCount "69"]
[EventDate "2009.04.12"]
[SourceDate "2009.04.14"]

1. e4 e6 2. d3 d5 3. Nd2 dxe4 4. dxe4 e5 5. Ngf3 Bg4 6. Be2 Bxf3 7. Bxf3 Nf6 8.
O-O Be7 9. c3 Nc6 10. Qc2 O-O 11. Nc4 h6 12. Ne3 Bc5 13. b4 Bxe3 14. Bxe3 b6
15. Be2 Qc8 16. Bc4 g5 17. f3 Ne7 18. Qc1 Ng6 19. h4 Nf4 20. Kf2 N6h5 21. hxg5
hxg5 22. Rh1 Nf6 23. g3 Nh3+ 24. Kg2 g4 25. fxg4 Qxg4 26. Rxh3 Qxe4+ 27. Kg1
Qxc4 28. Bd4 Qd3 29. Qg5+ Qg6 30. Qxe5 Kg7 31. Rf1 c5 32. Qxf6+ Qxf6 33. Bxf6+
Kg6 34. Rh4 Rg8 35. g4 1-0

[Event "XL Mar del Plata International open"]
[Site "Plaza del Agua"]
[Date "2009.04.10"]
[Round "7"]
[White "Coda, Carlos Alberto"]
[Black "Martin, Luis"]
[Result "1-0"]
[WhiteElo "2165"]
[BlackElo "1873"]
[PlyCount "61"]
[EventDate "2009.04.12"]
[SourceDate "2009.04.14"]

1. e4 d6 2. d4 g6 3. Nc3 Bg7 4. Bc4 c6 5. Bb3 Na6 6. Be3 Nc7 7. Nge2 Nf6 8. f3
b5 9. Qd2 h6 10. h4 Nd7 11. O-O-O Nb6 12. h5 g5 13. f4 g4 14. f5 Nc4 15. Bxc4
bxc4 16. Nf4 d5 17. Rdf1 dxe4 18. Ng6 fxg6 19. fxg6 Be6 20. Nxe4 Nd5 21. Nc5
Bg8 22. c3 Qa5 23. a3 O-O-O 24. Rh4 Nf6 25. Qe2 Rd5 26. Rxg4 Rxc5 27. dxc5 Nxg4
28. Qxg4+ Kb7 29. Rf7 Bf6 30. Bf4 Bxf7 31. Qd7+ 1-0

[Event "XL Mar del Plata International open"]
[Site "Plaza del Agua"]
[Date "2009.04.11"]
[Round "8"]
[White "Pierrot, Facundo"]
[Black "Alonso, Salvador"]
[Result "0-1"]
[WhiteElo "2422"]
[BlackElo "2489"]
[PlyCount "80"]
[EventDate "2009.04.15"]
[SourceDate "2009.04.15"]

1. e4 c5 2. Nf3 e6 3. c3 d5 4. exd5 Qxd5 5. d4 Nf6 6. Na3 Nc6 7. Nb5 Qd8 8.
dxc5 Bxc5 9. Qxd8+ Kxd8 10. Bf4 Ne4 11. Be3 Bxe3 12. fxe3 Ke7 13. Bd3 Nf6 14.
O-O Bd7 15. Nbd4 Rhd8 16. Rad1 Rac8 17. Nb3 Ng4 18. Rfe1 Nce5 19. Nxe5 Nxe5 20.
Be4 b6 21. Rd2 Nc4 22. Rf2 e5 23. Bd5 Be6 24. Bxe6 Kxe6 25. Nc1 b5 26. Rc2 f5
27. Kf2 Rd7 28. g3 g5 29. Nb3 a5 30. Ke2 a4 31. Nd2 e4 32. Nf1 Ne5 33. Rb1 Rd3
34. Rbc1 h5 35. Nd2 h4 36. c4 hxg3 37. hxg3 b4 38. c5 Rh8 39. c6 b3 40. axb3
axb3 0-1

[Event "XL Mar del Plata International open"]
[Site "Plaza del Agua"]
[Date "2009.04.11"]
[Round "8"]
[White "Van Riemsdijk, Herman Claudius"]
[Black "De Dovittis, Alejo"]
[Result "1-0"]
[WhiteElo "2375"]
[BlackElo "2346"]
[PlyCount "89"]
[EventDate "2009.04.15"]
[SourceDate "2009.04.15"]

1. e4 e6 2. d4 d5 3. Nc3 Bb4 4. e5 Qd7 5. Qg4 f5 6. Qg3 b6 7. Nh3 Nc6 8. Bb5
Bb7 9. a3 Bf8 10. Ne2 O-O-O 11. Qd3 h6 12. Nhf4 g5 13. Ng6 Rh7 14. h4 Rg7 15.
Nxf8 Rxf8 16. Bd2 Nge7 17. hxg5 hxg5 18. f4 g4 19. Ng3 Kb8 20. O-O-O Ng8 21.
Rh5 Qc8 22. Bxc6 Bxc6 23. Rdh1 Qd7 24. Rh8 Rc8 25. Nh5 Rh7 26. Rxh7 Qxh7 27.
Qf1 Qd7 28. Qe1 Bb5 29. Nf6 Qc6 30. Bc3 Qc4 31. b3 Qc6 32. Nh7 Ne7 33. Ng5 Ng6
34. g3 Nf8 35. Kb2 Qd7 36. Rh6 c5 37. Rf6 Nh7 38. a4 Nxf6 39. exf6 Bc6 40. f7
Rf8 41. Qe5+ Kc8 42. Qg7 Qe7 43. dxc5 bxc5 44. Bf6 Qd6 45. Nxe6 1-0

[Event "XL Mar del Plata International open"]
[Site "Plaza del Agua"]
[Date "2009.04.11"]
[Round "8"]
[White "Tobares, Leandro"]
[Black "Moreda, Lucas"]
[Result "0-1"]
[WhiteElo "2216"]
[BlackElo "2322"]
[PlyCount "84"]
[EventDate "2009.04.15"]
[SourceDate "2009.04.15"]

1. d4 d5 2. c4 e5 3. dxe5 d4 4. a3 Nc6 5. e3 Nge7 6. Nf3 Nf5 7. exd4 Nfxd4 8.
Be3 Bc5 9. Nc3 O-O 10. Nxd4 Nxd4 11. b4 Bg4 12. Qa4 Be7 13. h3 Bf5 14. O-O-O c5
15. Bxd4 cxd4 16. Nd5 Bg5+ 17. Kb2 Bh6 18. Rxd4 Kh8 19. g4 Qh4 20. Rh2 Bg6 21.
Qb3 Rae8 22. f4 f5 23. Rdd2 fxg4 24. hxg4 Qxg4 25. Bh3 Qg1 26. Qd1 Qxd1 27.
Rxd1 Bxf4 28. Nxf4 Rxf4 29. e6 Rxc4 30. Rd7 Rh4 31. e7 Re4 32. Rf2 Kg8 33. Bg2
R8xe7 34. Rd8+ Re8 35. Rxe8+ Rxe8 36. Bxb7 h5 37. Bd5+ Kh7 38. a4 Re5 39. Bc6
Kh6 40. b5 Rc5 41. a5 Bd3 42. b6 axb6 0-1

[Event "XL Mar del Plata International open"]
[Site "Plaza del Agua"]
[Date "2009.04.11"]
[Round "8"]
[White "Calderon Fernandez, Gervasio"]
[Black "Virgillito, Cristian"]
[Result "1-0"]
[WhiteElo "2302"]
[BlackElo "2216"]
[PlyCount "49"]
[EventDate "2009.04.15"]
[SourceDate "2009.04.15"]

1. d4 d5 2. c4 c6 3. Nc3 e6 4. e3 Nf6 5. Nf3 Nbd7 6. Qc2 Bd6 7. Bd3 O-O 8. O-O
dxc4 9. Bxc4 a6 10. Rd1 c5 11. dxc5 Bxc5 12. Bd3 Qc7 13. Bd2 b5 14. Rac1 Bb7
15. Ne4 Rfc8 16. Bc3 Be7 17. Neg5 h6 18. Bh7+ Kf8 19. Bxf6 Qxc2 20. Nxe6+ Ke8
21. Nxg7+ Kf8 22. Bxe7+ Kxe7 23. Bxc2 Bxf3 24. Nf5+ Kf6 25. Rd6+ 1-0

[Event "XL Mar del Plata International open"]
[Site "Plaza del Agua"]
[Date "2009.04.11"]
[Round "8"]
[White "Cejas, Jose Angel"]
[Black "Celestino, Guillermo"]
[Result "1-0"]
[WhiteElo "2336"]
[BlackElo "2141"]
[PlyCount "53"]
[EventDate "2009.04.15"]
[SourceDate "2009.04.15"]

1. e4 c5 2. Nf3 Nc6 3. Bb5 d6 4. d4 cxd4 5. Qxd4 Bd7 6. Bxc6 Bxc6 7. Nc3 Nf6 8.
Bg5 e6 9. O-O-O Be7 10. Rhe1 O-O 11. Qd2 Qa5 12. Kb1 Rfd8 13. Nd4 Rac8 14. f3
Be8 15. Nd5 Qxd2 16. Nxe7+ Kf8 17. Bxd2 Kxe7 18. Bb4 Nd7 19. e5 Nc5 20. exd6+
Kf6 21. Nb3 b6 22. Nxc5 bxc5 23. Ba5 Rd7 24. Bc7 Kg6 25. Rd3 f6 26. Rxe6 Bf7
27. Re1 1-0

[Event "XL Mar del Plata International open"]
[Site "Plaza del Agua"]
[Date "2009.04.11"]
[Round "8"]
[White "Restuccia, Francisco"]
[Black "Contin, Daniel"]
[Result "1-0"]
[WhiteElo "2115"]
[BlackElo "2321"]
[PlyCount "129"]
[EventDate "2009.04.15"]
[SourceDate "2009.04.15"]

1. e4 e6 2. d4 d5 3. Nc3 Bb4 4. e5 c5 5. a3 Bxc3+ 6. bxc3 Ne7 7. Qg4 O-O 8. Bd3
f5 9. exf6 Rxf6 10. Bg5 Rf7 11. Qh5 g6 12. Qd1 Nbc6 13. Nf3 c4 14. Be2 Qf8 15.
O-O h6 16. Bc1 Qg7 17. a4 Bd7 18. Ba3 g5 19. Rb1 b6 20. Nd2 Ng6 21. Bh5 Rf6 22.
g3 Rd8 23. Nf3 Be8 24. Bxg6 Bxg6 25. Ne5 Nxe5 26. dxe5 Rf7 27. Bd6 h5 28. f3
Kh7 29. Rf2 Rdd7 30. Qd4 Bf5 31. h4 Qg6 32. Rc1 Rg7 33. Kh2 Rdf7 34. hxg5 Qxg5
35. Rg1 Kg8 36. Ba3 Qg6 37. Rgg2 Qh6 38. Rg1 Qh7 39. Rgg2 Rg6 40. Qh4 Qg7 41.
Qd4 Kh7 42. Bd6 Qg8 43. Qh4 Kg7 44. Be7 Qe8 45. Bf6+ Rfxf6 46. exf6+ Rxf6 47.
Kg1 Bg6 48. g4 hxg4 49. fxg4 Qf8 50. g5 Rf5 51. Qh6+ Kf7 52. Rxf5+ exf5 53.
Qxf8+ Kxf8 54. Rf2 Ke7 55. Kg2 Ke6 56. Kg3 a5 57. Kf4 Kd6 58. Rh2 Ke6 59. Rh6
Kf7 60. Rh8 Ke7 61. Rb8 Be8 62. Rb7+ Kf8 63. Kxf5 Bxa4 64. Kf6 Be8 65. g6 1-0

[Event "XL Mar del Plata International open"]
[Site "Plaza del Agua"]
[Date "2009.04.11"]
[Round "8"]
[White "Bianchi, Albino"]
[Black "Dimuro, Matias"]
[Result "1-0"]
[WhiteElo "2102"]
[BlackElo "2231"]
[PlyCount "90"]
[EventDate "2009.04.07"]
[SourceDate "2009.04.07"]

1. e4 c5 2. Nf3 Nc6 3. d4 cxd4 4. Nxd4 Nf6 5. Nc3 e5 6. Ndb5 d6 7. Bg5 a6 8.
Na3 b5 9. Nd5 Be7 10. Bxf6 Bxf6 11. c3 Bg5 12. Nc2 O-O 13. a4 bxa4 14. Rxa4 a5
15. Bc4 Rb8 16. b3 Kh8 17. Nce3 Bxe3 18. Nxe3 Ne7 19. Nd5 Ng6 20. O-O f5 21.
exf5 Rxf5 22. Bd3 Rf8 23. Qh5 e4 24. Bxe4 Qe8 25. Bc2 Be6 26. Nc7 Bxb3 27. Nxe8
Bxc2 28. Rxa5 Rbxe8 29. Ra7 Re5 30. Qg4 h6 31. Qd4 Rf6 32. Qd2 Be4 33. f3 Bc6
34. Rc7 Rc5 35. Ra1 Nh4 36. Qe3 Nf5 37. Qe1 Kh7 38. Ra6 Bd5 39. Rxc5 dxc5 40.
Rxf6 gxf6 41. c4 Bf7 42. Qe4 Bg6 43. Qd5 h5 44. Qxc5 h4 45. Qd5 h3 1-0

[Event "XL Mar del Plata International open"]
[Site "Plaza del Agua"]
[Date "2009.04.11"]
[Round "8"]
[White "Mavrich, Demian"]
[Black "Dominguez, Diego"]
[Result "1/2-1/2"]
[WhiteElo "2217"]
[BlackElo "2002"]
[PlyCount "107"]
[EventDate "2009.04.07"]
[SourceDate "2009.04.15"]

1. e4 e6 2. d3 b6 3. Be3 Bb7 4. g3 c5 5. Bg2 Nc6 6. Nd2 Be7 7. Ne2 Nf6 8. f3
Qc7 9. c3 Ne5 10. Qc2 d6 11. O-O O-O 12. Rfd1 Rfd8 13. Nf1 Rac8 14. Rac1 Ng6
15. Bf2 d5 16. Ne3 dxe4 17. dxe4 Rxd1+ 18. Rxd1 Rd8 19. c4 Bc6 20. Be1 Rd7 21.
Bc3 Qd8 22. Kf2 Ne8 23. Rxd7 Qxd7 24. Qd1 Qxd1 25. Nxd1 Bf6 26. Ke3 Ne5 27. b3
Nd7 28. f4 Bd8 29. Nf2 Nd6 30. Bf3 Nc8 31. Nd3 Be7 32. g4 a5 33. g5 f6 34. h4
Kf7 35. Bg4 Nd6 36. Ng3 a4 37. e5 Ne8 38. Bh5+ Kf8 39. Bf3 Bxf3 40. Kxf3 axb3
41. axb3 f5 42. Nf1 Nc7 43. Nd2 Na6 44. Ke3 Ke8 45. Nb1 Kd8 46. Na3 Nc7 47. Nb5
Ne8 48. Be1 Kc8 49. Kd2 Kb7 50. Bf2 g6 51. Kc3 Nb8 52. Nc1 Na6 53. Nd3 Kc6 54.
Na7+ 1/2-1/2

[Event "XL Mar del Plata International open"]
[Site "Plaza del Agua"]
[Date "2009.04.11"]
[Round "8"]
[White "Garcia Quiroga, Maximiliano"]
[Black "Alpern, Adrian"]
[Result "1/2-1/2"]
[WhiteElo "2038"]
[BlackElo "2179"]
[PlyCount "40"]
[EventDate "2009.04.07"]
[SourceDate "2009.04.15"]

1. d4 Nf6 2. e3 g6 3. c3 Bg7 4. f4 d6 5. Bd3 O-O 6. Nf3 c5 7. O-O Nc6 8. dxc5
dxc5 9. Qe2 e5 10. e4 exf4 11. Bxf4 Ng4 12. Bc4 Nge5 13. Bd5 Be6 14. Nxe5 Nxe5
15. Bxe5 Bxe5 16. Bxe6 fxe6 17. Rxf8+ Qxf8 18. Nd2 Rd8 19. Nf3 Qd6 20. Nxe5
Qxe5 1/2-1/2

[Event "XL Mar del Plata International open"]
[Site "Plaza del Agua"]
[Date "2009.04.11"]
[Round "8"]
[White "Lopez Gomez, Diego"]
[Black "Rivas, Lucas Matias"]
[Result "1-0"]
[WhiteElo "2165"]
[BlackElo "1967"]
[PlyCount "33"]
[EventDate "2009.04.07"]
[SourceDate "2009.04.15"]

1. d4 d5 2. c4 c6 3. cxd5 cxd5 4. Nc3 Nf6 5. Nf3 Nc6 6. e3 a6 7. Ne5 Bf5 8. Qb3
Ra7 9. Bd2 Nxe5 10. dxe5 Ng4 11. Nxd5 Nxe5 12. Bc3 Nc6 13. Rd1 Qb8 14. Qb6 f6
15. Bc4 e6 16. Nc7+ Ke7 17. e4 1-0

[Event "XL Mar del Plata International open"]
[Site "Plaza del Agua"]
[Date "2009.04.11"]
[Round "8"]
[White "Covas, Guillermo Maximilian"]
[Black "Mussanti, Diego"]
[Result "0-1"]
[WhiteElo "2167"]
[BlackElo "2327"]
[PlyCount "80"]
[EventDate "2009.04.07"]
[SourceDate "2009.04.15"]

1. e3 d5 2. f4 Nf6 3. Nf3 c5 4. d4 Bf5 5. Bd3 Bxd3 6. Qxd3 e6 7. Nbd2 Bd6 8.
Ne5 O-O 9. O-O Nc6 10. c3 a6 11. Rf3 Qb6 12. Nxc6 bxc6 13. e4 dxe4 14. Nxe4
Nxe4 15. Qxe4 cxd4 16. cxd4 c5 17. Rb3 Qa5 18. dxc5 Bxc5+ 19. Be3 Rad8 20. Bxc5
Qxc5+ 21. Qe3 Qxe3+ 22. Rxe3 Rd2 23. Rb3 Rc8 24. Rc3 Rxc3 25. bxc3 Kf8 26. a4
Rc2 27. Ra3 Rb2 28. Ra1 Ke7 29. Rd1 Rb3 30. Rd4 Rxc3 31. Kf2 Ra3 32. Ke2 f6 33.
h4 h5 34. Rb4 a5 35. Rd4 Rg3 36. Kf2 Rg4 37. g3 e5 38. Rc4 exf4 39. gxf4 Rxh4
40. Rc5 Rxf4+ 0-1

[Event "XL Mar del Plata International open"]
[Site "Plaza del Agua"]
[Date "2009.04.11"]
[Round "8"]
[White "Prieto, Ernesto"]
[Black "Zamorano, Jorge"]
[Result "0-1"]
[WhiteElo "2142"]
[BlackElo "2247"]
[PlyCount "90"]
[EventDate "2009.04.07"]
[SourceDate "2009.04.15"]

1. e4 c6 2. d4 g6 3. Nf3 Bg7 4. Bd3 d5 5. exd5 cxd5 6. O-O Nc6 7. c3 Bg4 8. h3
Bxf3 9. Qxf3 e6 10. Bf4 Nge7 11. Nd2 O-O 12. Rfe1 a6 13. Nf1 Qd7 14. g4 f6 15.
Qg3 e5 16. dxe5 fxe5 17. Bg5 e4 18. Be2 Rf7 19. Rad1 Raf8 20. Be3 h6 21. Nh2 g5
22. Rd2 Qe6 23. Red1 Be5 24. Qg2 Bf4 25. Bf1 Ne5 26. Bxf4 Rxf4 27. b3 b5 28.
Re2 Qb6 29. Qg3 Nf3+ 30. Nxf3 Rxf3 31. Qh2 Rxc3 32. Qe5 Qf6 33. Qxf6 Rxf6 34.
Bg2 Kf7 35. Re3 Rxe3 36. fxe3 Rc6 37. Rd2 Ke6 38. Kf2 Rc3 39. Bf1 Nc6 40. Rb2
d4 41. Re2 d3 42. Rd2 Ke5 43. Ke1 Nb4 44. Rb2 Rc1+ 45. Kf2 Rc2+ 0-1

[Event "XL Mar del Plata International open"]
[Site "Plaza del Agua"]
[Date "2009.04.11"]
[Round "8"]
[White "Fiori, Alberto Nicolas"]
[Black "Cristobal, Manuel"]
[Result "1/2-1/2"]
[WhiteElo "2193"]
[BlackElo "2145"]
[PlyCount "122"]
[EventDate "2009.04.07"]
[SourceDate "2009.04.15"]

1. e4 e5 2. Nf3 Nc6 3. Bb5 Nge7 4. c3 d6 5. h3 a6 6. Ba4 Bd7 7. d4 Ng6 8. O-O
Be7 9. Nbd2 O-O 10. d5 Nb8 11. Bxd7 Nxd7 12. Nc4 Nc5 13. Qc2 Nh4 14. Nxh4 Bxh4
15. b4 Nd7 16. Na5 Qc8 17. c4 c5 18. dxc6 bxc6 19. c5 dxc5 20. bxc5 Rb8 21. Be3
Be7 22. a4 Qc7 23. Qc3 Bd8 24. Nc4 Be7 25. Nb6 Nxc5 26. Bxc5 Bxc5 27. Qxc5 Qxb6
28. Qxe5 Rfe8 29. Qf4 Qd4 30. Rfe1 Rb2 31. Red1 Qf6 32. Qxf6 gxf6 33. Rdc1 Rxe4
34. Rxc6 Re6 35. Rc4 Ree2 36. Rf4 Kg7 37. Rc1 Rbc2 38. Rb1 Rb2 39. Rxb2 Rxb2
40. Rf5 Kg6 41. g4 Rb4 42. Ra5 Rb6 43. Kg2 Rc6 44. Kf3 Re6 45. Kf4 h6 46. Rd5
Rb6 47. Ke4 f5+ 48. gxf5+ Kf6 49. Ra5 Rd6 50. h4 h5 51. f3 Rb6 52. Kf4 Rb4+ 53.
Kg3 Rb6 54. Rd5 Rc6 55. a5 Kg7 56. f6+ Kg6 57. Rg5+ Kh6 58. Rf5 Kg6 59. Rg5+
Kh6 60. Rf5 Kg6 61. Rg5+ Kh6 1/2-1/2

[Event "XL Mar del Plata International open"]
[Site "Plaza del Agua"]
[Date "2009.04.11"]
[Round "8"]
[White "Mavrich, Leandro Nicolas"]
[Black "Moccero, Eduardo"]
[Result "1/2-1/2"]
[WhiteElo "2178"]
[BlackElo "2055"]
[PlyCount "37"]
[EventDate "2009.04.07"]
[SourceDate "2009.04.15"]

1. e4 c6 2. d4 d5 3. Nd2 dxe4 4. Nxe4 Bf5 5. Ng3 Bg6 6. N1e2 e6 7. Nf4 Bd6 8.
Bc4 Nf6 9. c3 Qc7 10. Qf3 Nd5 11. Nxg6 hxg6 12. O-O Nd7 13. Bb3 N7f6 14. c4 Ne7
15. Bg5 Nf5 16. Bxf6 gxf6 17. Rfe1 O-O-O 18. d5 c5 19. Rad1 1/2-1/2